1970's Hits - Name The Act - Statistics

General Stats
  • This quiz has been taken 68 times
  • The average score is 5 of 15
Answer Stats
Hint Answer % Correct
Message In A Bottle Police
85%
Hot Stuff Donna Summer
78%
The Name Of The Game Abba
60%
Seasons In The Sun Terry Jacks
60%
If I Can't Have You Yvonne Elliman
38%
48 Crash Suzi Quatro
31%
Rock And Roll Suicide David Bowie
27%
So You Win Again Hot Chocolate
27%
United We Stand Brotherhood Of Man
25%
Floy Joy Supremes
24%
How Can I Be Sure David Cassidy
22%
Run To Me Bee Gees
20%
Moody Blue Elvis Presley
18%
Angel Fingers Wizzard
18%
Dr Love Tina Charles
7%
No matching quizzes found
Score Distribution
Percent of People with Each Score
Percentile by Number Answered
Your Score History
You have not taken this quiz